logo

Bir Sreshtho Munshi Abdur Rouf Library
Jhenaidah Cadet College

একুশের স্নারকগ্রন্থ '৮৬ / (Record no. 1645)

MARC details
000 -LEADER
fixed length control field 01056nam a2200265 a 4500
001 - CONTROL NUMBER
JCCL Control Number 1645
003 - CONTROL NUMBER IDENTIFIER
JCCL marc code BD-JhCC
005 - DATE AND TIME OF LATEST TRANSACTION
control field 20171022203529.0
008 - FIXED-LENGTH DATA ELEMENTS--GENERAL INFORMATION
fixed length control field 171022s1986 b a|||| |||| 00| 0 b d
035 ## - SYSTEM CONTROL NUMBER
system control number (BD-JhCC)1645
040 ## - CATALOGING SOURCE
Original cataloging agency BD-JhCC
Modifying agency BD-JhCC
041 ## - LANGUAGE CODE
Language code of Book eng
082 ## - DEWEY DECIMAL CLASSIFICATION NUMBER
DDC Edition number 23
Classification number 891.4409
Author mark and Year HOS 1986
100 ## - MAIN ENTRY--PERSONAL NAME
Personal name হোসেন, সেলিনা
245 ## - TITLE STATEMENT
Title একুশের স্নারকগ্রন্থ '৮৬ /
Statement of responsibility, etc সেলিনা হোসেন : সুকুমার বিশ্বাস, শফিকুর রহমান চৌধুরী, জাহিদুর রহমান
260 ## - PUBLICATION, DISTRIBUTION, ETC. (IMPRINT)
Place of publication, distribution, etc ঢাকা :
Name of publisher, distributor, etc বাংলা একাডেমী,
Date of publication, distribution, etc ১৯৮৬
300 ## - PHYSICAL DESCRIPTION
Pagination 370 p. :
Other physical details ill. ;
Dimensions 22cm.
650 ## - SUBJECT ADDED ENTRY--TOPICAL TERM
Topical term or geographic name as entry element Bengali Literature
700 ## - ADDED ENTRY--PERSONAL NAME
Personal name হোসেন, সেলিনা
700 ## - ADDED ENTRY--PERSONAL NAME
Personal name বিশ্বাস, সুকুমার
700 ## - ADDED ENTRY--PERSONAL NAME
Personal name চৌধুরী, রহমান, শফিকুর
700 ## - ADDED ENTRY--PERSONAL NAME
Personal name রহমান, জাহিদুর
942 ## - ADDED ENTRY ELEMENTS (KOHA)
Source of classification or shelving scheme Dewey Decimal Classification
Koha item type Books
Holdings
Source of classification or shelving scheme Damaged status Not for loan Home library Current library Shelving location Cost, normal purchase price Total Checkouts Full call number Barcode Date last seen Copy number Koha item type
Dewey Decimal Classification     JCC Rouf Library JCC Rouf Library General Stacks 40.00   891.4409 HOS 1986 2519 10/22/2017 C-1 Books

JCC Library | Contacts | JCC Home

Last Update on 23 September 2017
Copyright @ 2017-2020 JCC Rouf Library
Rouf Library, Jhenidah Cadet College (JCC), Bangladesh